| 000 | 01029cam a22002054a 4500 | ||
|---|---|---|---|
| 005 | 20250605163939.0 | ||
| 008 | 250528s ||||||||||||||||||||||||d | ||
| 035 | _a14972 | ||
| 020 | _a278000932 | ||
| 040 |
_aGR-AtMCL _bgre _dGR-AtMCL _eAACR2 |
||
| 245 | 1 | _aComputers / From Logic to Architecture | |
| 260 |
_bVan Nostrand Reinhold, _c1990 |
||
| 300 | _a290 | ||
| 520 | _aThis textbook introduces the beginner to the various levels of computer architecture from logic to systems software. Preface, Glossary, Introduction, Introduction to Digital Logic, Combinatorial Logic Design, Sequential Logic Design, The Structure of a Computer, Memory Systems, Input - Output, Control and Microprogramming, Design of a Small Computer System, Data Representation and Manipulation, Instruction Sets and Addressing Modes, Introduction to System Software, Data Communications, New Directions in Architecture, Index. | ||
| 700 | 1 |
_aDowsing D. R _9790 |
|
| 700 | 1 |
_aWoodhams D. W. F _9791 |
|
| 942 | _cBK | ||
| 999 |
_c581 _d581 |
||